000 00619nam a2200205 i 4500
001 62622
003 ES-MaACL
007 t|
008 031124s1942 sp ||||1| spa d
100 1 _aFernández Heras, Amado.
_949843
245 1 0 _aTratado práctico de legislación social /
_cAmado Fernández Heras ; prólogo de León Martín Granizo.
250 _a2ª ed.
260 _aZaragoza :
_bEl Noticiero,
_c1942.
300 _a256 p. ;
_c22 cm.
490 1 _aJuventus
700 1 _aMartín-Granizo, León.
_977517
830 0 _aJuventus
_9230634
852 _aES-MaACL
_jC-8507
_bR.22564
999 _c62622
_d62622